000
00312nam a2200109 a 4500
005
20140414093828.0
008
970101s19uu xx 00 eng d
050
_a
VHS 700
_b
R 01
245
_a
Music Magic: 1) Creating Music 2) One Voice, Many Voices 3) Unusual Sound Sources.
942
_c
AVM
999
_c
108555
_d
108555